000 00339nam a2200145Ia 4500
008 150201s2012 xx 000 0 und d
082 _a612.3
_bF12B
100 _aBANSAL, SHRINANDAN
245 _aFOOSD AND NUTRITION
250 _a2ND
260 _bAITBS
_aDELHI
_c2012
300 _a382
650 _aNUTRITON & DIET
942 _2ddc
_cBK
_06
999 _c2147
_d2147